000 01108nam a2200349Ia 4500
003 OSt
005 20220912151334.0
006 a|||||r|||| 00| 0
007 ta
008 220909b |||||||| |||| 00| 0 eng d
020 _a0792366611 (hbd)
024 _a13123
037 _bATB/245, 06/12/2004, Ashutosh Technical Books
037 _cTextual
040 _aCSL
_beng
_cCSL
041 _aeng
082 _aB2T0bD:4, P0 TOR
100 _aChang Gerard J
245 0 _aReliabilities of consecutive-k systems
260 _aDordrecht
_bKluwer Academic Publishers
_c2000
300 _aix,208p.
_ccm.
490 _aNetwork theory and applications; vol.4
500 _aBibliographical references 185-205p; Index 207-208p
650 _a Consecutive -K
650 _a Network theory
650 _a Reliabilities
650 _aOperational Research
700 _a Cui Lirong
700 _a Hwang Frank K
942 _hB2T0bD:4, P0 TOR
_cTEXL
_2CC
999 _c66299
_d66299